|
|
|
|
| LEADER |
00000nam0a2200000 4500 |
| 001 |
250557 |
| 005 |
20231031213216.0 |
| 010 |
|
|
|a 5020137715
|
| 020 |
|
|
|a RU
|b 88-69952
|
| 035 |
|
|
|a (RuTPU)RU\TPU\book\272766
|
| 090 |
|
|
|a 250557
|
| 100 |
|
|
|a 20140214d1988 km y0rusy5003 ca
|
| 101 |
0 |
|
|a rus
|
| 102 |
|
|
|a RU
|
| 105 |
|
|
|a y z 001zy
|
| 200 |
1 |
|
|a Систематический подход к программированию
|f Н. И. Вьюкова, В. А. Галатенко, А. Б. Ходулев
|g под ред. Ю. М. Баяковского
|
| 210 |
|
|
|a Москва
|c Наука
|d 1988
|
| 215 |
|
|
|a 206 с.
|
| 225 |
1 |
|
|a Библиотечка программиста
|
| 320 |
|
|
|a Библиогр.: с. 203-204.
|
| 320 |
|
|
|a Предм. указ.: с. 205-206.
|
| 606 |
1 |
|
|a Вычислительные машины электронные
|x Программирование
|2 stltpush
|3 (RuTPU)RU\TPU\subj\4141
|
| 610 |
1 |
|
|a языки программирования
|
| 610 |
1 |
|
|a алгоритмы
|
| 610 |
1 |
|
|a Паскаль
|
| 610 |
1 |
|
|a программы
|
| 610 |
1 |
|
|a разработка
|
| 675 |
|
|
|a 681.3.06
|z rus
|
| 700 |
|
1 |
|a Вьюкова
|b Н. И.
|g Надежда Ивановна
|
| 701 |
|
1 |
|a Галатенко
|b В. А.
|g Владимир Антонович
|
| 701 |
|
1 |
|a Ходулев
|b А. Б.
|g Андрей Борисович
|
| 702 |
|
1 |
|a Баяковский
|b Ю. М.
|4 340
|
| 801 |
|
0 |
|a RU
|b RuMRKP
|c 19950417
|g psbo
|
| 801 |
|
1 |
|a RU
|b 63413507
|c 20140214
|
| 801 |
|
2 |
|a RU
|b 63413507
|c 20160712
|g RCR
|
| 942 |
|
|
|c BK
|